000 01988nam a22002417a 4500
003 OSt
005 20260428111501.0
008 260428b |||||||| |||| 00| 0 spad
020 _a9786287528963
082 _29786287528963
100 _aGiles McCracken
245 _aMaestría en odontología
_bodontología restauradora, odontopediatría y ortodoncia
250 _a4ª Edición
260 _aMedellín, Colombia.
_bAMOLCA
_c 2023
300 _a360 pág
_btapa dura
_c 28.0 x 22.0
490 _3tapa dura
_x978-628-7528-96-3
520 _aEl objetivo primordial de esta obra técnica consiste en proporcionar un recurso de aprendizaje estructurado y sintético para el perfeccionamiento de las competencias clínicas en las áreas de odontología restauradora, odontopediatría y ortodoncia. El texto se propone facilitar la preparación académica de estudiantes y profesionales ante evaluaciones de suficiencia profesional, integrando la evidencia científica más reciente con la práctica odontológica contemporánea. Mediante una metodología pedagógica basada en objetivos de aprendizaje y secciones de autoevaluación, el libro busca consolidar la capacidad analítica del lector para la resolución de casos clínicos complejos. Asimismo, el autor pretende que el facultativo adquiera un dominio profundo sobre la selección de materiales y la aplicación de técnicas avanzadas, garantizando una atención clínica segura y eficiente. En definitiva, el manual se constituye como una herramienta de referencia fundamental para la formación continua y la excelencia en el ejercicio de la medicina dental
650 _2Legibilidad
_xCapítulo 1. Periodoncia: Fundamentos del soporte dental y salud gingival.
651 _xCapítulo 2. Endodoncia: Tratamiento de la pulpa dental y tejidos periapicales.
654 _xCapítulo 3. Odontología conservadora: Técnicas para preservar la estructura natural del diente.
700 _aGiles McCracken
942 _2ddc
_cBK
_n0
999 _c2078
_d2078